00827cam a2200217 a 450000100100000000500170001000800410002702000150006804000300008308200150011324501090012826000360023730000340027350000620030765000310036970000310040091000330043104900090046495201190047399900170059200001812620200929165350.0840202s1979 nyub 000 0 eng d a0834801396 aDO-SdBNPcDLCdDLCdBNPHU a895bP745a00aPoetry of Asia :bfive millenniums of verse from thirty-three languages /cGeneral editor, Keith Bosley. aNew York :bWeatherhill,c1979. a315, [2] p. :bmaps ;c24 cm. aPreviously published as: The Elek book of Oriental verse. 4aLiteratura oriental9392761 aBosley, Keith,eed.939277 aCatalogación derivada / LC aBNGR 001053728MOaGRbGRcCTd2010-04-15iLF1l0o895 P745ap18126-10r2020-06-25te. 1w2020-06-25y1ZNo se presta c17647d17647